Manorama Yearbook 2019 / (Record no. 163298)

MARC details
000 -LEADER
fixed length control field 00752nam a22001817a 4500
005 - DATE AND TIME OF LATEST TRANSACTION
control field 20190408161924.0
010 ## - LCCN (DPL NO)
LC control number B-721064
020 ## - INTERNATIONAL STANDARD BOOK NUMBER
International Standard Book Number 09752250
Terms of availability 300.00
035 ## - SYSTEM CONTROL NUMBER
System control number B-721064
037 ## - SOURCE OF ACQUISITION
Source of stock number/acquisition Aksharesh Enterprises
082 ## - DEWEY DECIMAL CLASSIFICATION NUMBER
Classification number 032.0954
245 ## - TITLE STATEMENT
Title Manorama Yearbook 2019 /
Statement of responsibility, etc edited by Mammen Mathew
260 ## - PUBLICATION, DISTRIBUTION, ETC. (IMPRINT)
Place of publication, distribution, etc New Delhi
Name of publisher, distributor, etc Malayala Manorama
Date of publication, distribution, etc 2019
270 ## - ADDRESS
Address Andhra Vanitha Mandali, Building 2, Azad Bhavan Road, Indraprastha Estate
City New Delhi
Postal code 110002
300 ## - PHYSICAL DESCRIPTION
Extent 1039p.:
Other physical details col. ill.
Dimensions 20cm(pbk)
942 ## - ADDED ENTRY ELEMENTS (KOHA)
Source of classification or shelving scheme Dewey Decimal Classification
Item type English Books
Classification part 032.0954
Call number suffix MAN
Holdings
Withdrawn status Lost status Not for loan Collection code Home library Current library Date acquired Source of acquisition Cost, normal purchase price Full call number Barcode Copy number Cost, replacement price Koha item type
      Non-fiction Sarojini Nagar Sarojini Nagar 08/04/2019 Aksharesh Enterprises/0013/02-04-19/795/26-03-19/04-04-19 300.00 032.0954 MAN B-721064 1 300.00 English Books

© Delhi Public Library
Hit Counter
free hit counter